000 00370nam a2200157Ia 4500
008 230711s9999||||xx |||||||||||||| ||und||
020 _a`
041 _aENG
082 _a621.3
_bHO-E
100 _aHughes,Edward
245 0 _aElectrical technology
250 _a1st Ed.
260 _c1992
_aNew Delhi
_bPradeep publishers
650 _aElectrical Engineering
942 _cBK
999 _c10
_d10